| 000 | 00957cam a2200253 4500 | ||
|---|---|---|---|
| 001 | WS118029 | ||
| 008 | 020517n 000 0 eng u | ||
| 035 | _a(Sirsi) u118029 | ||
| 110 |
_aAmerican Institute of Architects _93839 |
||
| 245 | _aAmerican Institute of Architects | ||
| 520 | _aWeb site for this American organisation for architects. Includes a guide to the media sources on the building implications of September 11, directory of members, details of contract documents and their code of ethics and professional conduct. | ||
| 650 | _aUSA | ||
| 650 | _aINTERNATIONAL | ||
| 650 | _aORGANISATION | ||
| 650 | _aARCHITECTURE | ||
| 650 | _aSEPTEMBER 11 ATTACKS | ||
| 650 | _aWORLD TRADE CENTER | ||
| 650 |
_aContracts _96232 |
||
| 650 | _aCODE OF ETHICS | ||
| 650 | _aCODE OF CONDUCT | ||
| 690 | _aBUILT ENVIRONMENT-CONSTRUCTION DESIGN | ||
| 856 | 4 | 0 |
_uhttps://www.aia.org _zView the website free of charge at www.aia.org... |
| 942 | _n0 | ||
| 999 |
_c120046 _d120046 |
||